000 00539nam a2200181Ia 4500
005 20250508155703.0
008 008 250505s9999 xx 000 0 eng d
037 _aBooks to be hide in OPAC
040 _aFEDL
_beng
_cFEDL
041 _aeng
_2eng
084 _a378, AJM/O
_qFEDL
245 0 _aLesson plans in english: A few samples
245 0 _cREGIONAL COLLEGE OF EDUCATION. AJMER
260 _aAjmer, India
_bRegional College of Education
300 _a40p.
942 _cHB
_h378, AJM/O
999 _c1358812
_d1358812